000 01075cab a2200313 4500
001 ABS58400
008 090401t1998 xxu||||| |||| 00| 0 eng d
035 _a(Sirsi) u85036
041 _aeng
110 _aDavis Langdon and Everest
_91155
245 _aCost model: schools
260 _c1998
350 _a0
490 _aBuilding
_v263(8029) 6 March 1998, 52-61(10)
520 _aDavis Langdon & Everest examines the issues faced by contractors building schools, such as design and environmental issues, space requirements and funding and gives a detailed cost breakdown for classroom blocks, technology blocks, sports halls and performing arts buildings.
650 _aBUILT ENVIRONMENT-BUILDING COSTS
650 _aCOST MODEL
650 _aDESIGN ISSUES
650 _aEDUCATION SECTOR
650 _aENVIRONMENTAL ISSUES
650 _aFUNDING
650 _aFURNITURE
650 _aProcurement-old
650 _aSCHOOL BUILDINGS
650 _aSPACE REQUIREMENTS
690 _aBUILT ENVIRONMENT-BUILDING COSTS
942 _n0
948 _c18/03/1998
999 _c53458
_d53458